<?xml version="1.0" encoding="UTF-8"?><?xml-stylesheet type="text/xsl" href="static/style.xsl"?><OAI-PMH xmlns="http://www.openarchives.org/OAI/2.0/" xmlns:xsi="http://www.w3.org/2001/XMLSchema-instance" xsi:schemaLocation="http://www.openarchives.org/OAI/2.0/ http://www.openarchives.org/OAI/2.0/OAI-PMH.xsd"><responseDate>2026-04-14T07:49:36Z</responseDate><request verb="GetRecord" identifier="oai:www.recercat.cat:20.500.12327/4648" metadataPrefix="marc">https://recercat.cat/oai/request</request><GetRecord><record><header><identifier>oai:recercat.cat:20.500.12327/4648</identifier><datestamp>2025-10-22T11:33:52Z</datestamp><setSpec>com_2072_4428</setSpec><setSpec>com_2072_4427</setSpec><setSpec>col_2072_487898</setSpec></header><metadata><record xmlns="http://www.loc.gov/MARC21/slim" xmlns:dcterms="http://purl.org/dc/terms/" xmlns:xsi="http://www.w3.org/2001/XMLSchema-instance" xmlns:doc="http://www.lyncode.com/xoai" xsi:schemaLocation="http://www.loc.gov/MARC21/slim http://www.loc.gov/standards/marcxml/schema/MARC21slim.xsd">
   <leader>00925njm 22002777a 4500</leader>
   <datafield ind2=" " ind1=" " tag="042">
      <subfield code="a">dc</subfield>
   </datafield>
   <datafield ind2=" " ind1=" " tag="720">
      <subfield code="a">Font i Furnols, Maria</subfield>
      <subfield code="e">author</subfield>
   </datafield>
   <datafield ind2=" " ind1=" " tag="720">
      <subfield code="a">Brun, Albert</subfield>
      <subfield code="e">author</subfield>
   </datafield>
   <datafield ind2=" " ind1=" " tag="260">
      <subfield code="c">2025-05-31</subfield>
   </datafield>
   <datafield ind2=" " ind1=" " tag="520">
      <subfield code="a">Data from the body composition of 90 pigs from three crossbreeds (Duroc × (Landrace × Large White), Pietrain × (Landrace × Large White) and Landrace × Large White) obtained at four different moments during growth (30, 70, 100 and 120 kg BW) are presented. Moreover, a subsample of pigs at 30, 70 and 100 kg as well as all those of 120 kg were slaughtered. All left carcasses were cut following the EU reference cutting and some of them dissected, either through a simplified dissection (four main cuts) or a full dissection (all the cuts except head and front and hind feet). At each target BW, live pigs were scanned by computed tomography (CT), providing the volume associated with each Hounsfield value. In addition, several measures (area, thickness, etc.) were obtained from CT images at specific anatomical locations, in order to characterise the body composition. Carcass characteristics (fat and muscle thickness) were also obtained directly from the carcass after slaughter and the weight and intramuscular fat content of three ham muscles and three loin locations were determined. This information can be used to develop growth curves for different tissues and cuts and to understand tissue deposition at various growth stages, either globally across all animals or to compare genotypes. Also, it provides a valuable database for exploring the relationship between whole carcass composition and that of the individual cuts, since it provides both the weight of all the cuts and the different tissue weights from dissections. Moreover, differences between full and simplified dissection can be studied from the database. Intramuscular fat is an important quality trait that affects consumer acceptance of meat, both visually and in terms of eating quality. Usually, intramuscular fat is measured in one muscle, but the database provides information from six different muscle/locations in the pig carcass, allowing a deeper analysis of this attribute. All these data have been used in several publications, but it can be reused and reanalysed using alternative methodologies and for different purposes.</subfield>
   </datafield>
   <datafield ind1="8" ind2=" " tag="024">
      <subfield code="a">Font-I-Furnols, M., and A. Brun. 2025. “Data paper: Pig body composition during growth determined non-destructively or through dissection and intramuscular fat content in different anatomical locations”. Animal - Open Space, 4, 100100. doi:10.1016/j.anopes.2025.100100.</subfield>
   </datafield>
   <datafield ind1="8" ind2=" " tag="024">
      <subfield code="a">2772-6940</subfield>
   </datafield>
   <datafield ind1="8" ind2=" " tag="024">
      <subfield code="a">http://hdl.handle.net/20.500.12327/4648</subfield>
   </datafield>
   <datafield ind1="8" ind2=" " tag="024">
      <subfield code="a">https://doi.org/10.1016/j.anopes.2025.100100</subfield>
   </datafield>
   <datafield ind2="0" ind1="0" tag="245">
      <subfield code="a">Data paper: Pig body composition during growth determined non-destructively or through dissection and intramuscular fat content in different anatomical locations</subfield>
   </datafield>
</record></metadata></record></GetRecord></OAI-PMH>